• 首页
  • 本馆介绍
  • 公告通知
  • 最新文献
  • 馆藏检索
  • 电子资源
  • 读者导购
  • 参考咨询
  • 我的图书馆
  • 登录
  • 详细信息显示
  • 放入我的书架
  • 预约/预借图书
  • 作者相关作品
  • 分类相关作品
  • 丛书相关作品
  • 出版社相关作品

书目信息

  • 表格格式
  • 工作单格式
  • 卡片格式
题名:
超强大脑训练
    
 
作者: 黄玉强 著
分册:  
出版信息: 北京   中国纺织出版社  2017
页数: 281页
开本: 24cm
丛书名:
单 册:
中图分类: B80-49
科图分类:
主题词: 思维训练--通俗读物
电子资源:
ISBN: 978-7-5180-3312-6
000 00991nam0 2200229 450
001 1575
005 20180522131202.73
010    @a978-7-5180-3312-6@dCNY45.00
100    @a20170524d2017 em y0chiy50 ea
101 0  @achi
102    @aCN@b110000
105    @aa z 000yy
200 1  @a超强大脑训练@9chao qiang da nao xun lian@e超级记忆、思维导图与快速阅读@f黄玉强著
210    @a北京@c中国纺织出版社@d2017
215    @a281页@c图@d24cm
330    @a本书是集超级记忆、思维导图和快速阅读于一体的学习与训练书籍。内容包含了对大脑的认识、记忆方法、记忆技巧、思维技巧、工作导图、头脑风暴及快速阅读训练方法等内容。作者结合多年的教学经验,以读者兼学兼体验的方式,讲述了记忆、思维、阅读的核心内容。阅读本书,掌握高效学习的秘密,会让你得益良多。
517 1  @a超级记忆、思维导图与快速阅读@9chao ji ji yi、 si wei dao tu yu kuai su yue dou
606 0  @a思维训练@j通俗读物
690    @aB80-49@v5
701  0 @a黄玉强@9huang yu qiang@4著
801  0 @aCN@b91MARC@c20170524
905    @aMuseLib@dB80-49@e100
    
    超强大脑训练:超级记忆、思维导图与快速阅读/黄玉强著.-北京:中国纺织出版社,2017
    281页:图;24cm
    
    
    ISBN 978-7-5180-3312-6:CNY45.00
    本书是集超级记忆、思维导图和快速阅读于一体的学习与训练书籍。内容包含了对大脑的认识、记忆方法、记忆技巧、思维技巧、工作导图、头脑风暴及快速阅读训练方法等内容。作者结合多年的教学经验,以读者兼学兼体验的方式,讲述了记忆、思维、阅读的核心内容。阅读本书,掌握高效学习的秘密,会让你得益良多。
●
相关链接 在E读中查询图书 在五车中查询图书 在当当中查询图书 在豆瓣中查询图书


正题名:超强大脑训练     索取号:B80-49/100         预约/预借

序号 登录号 条形码 馆藏地/架位号 状态 备注
1 1105335   211053358   第一样本阅览室/ [索取号:B80-49/100] 在馆    
2 1105336   211053367   教育系资料室/ [索取号:B80-49/100] 在馆    
3 1105337   211053376   教育系资料室/ [索取号:B80-49/100] 在馆    
4 1105338   211053385   教育系资料室/ [索取号:B80-49/100] 在馆    
5 1105339   211053394   第一借阅区/ [索取号:B80-49/100] 在馆    
6 1105340   211053401   第一借阅区/ [索取号:B80-49/100] 在馆    
唐山师范学院图书馆 欢迎您!
大连网信软件有限公司© 版权所有